00320nam a2200085Ia 4500008004100000245008300041260000900124300008300133650001800216180130s9999 xx 000 0 und d cMosak, Harold H.; Maniacci, MichaelaAdlerian psychotherapy: the case of Roger c2014 aBook title: Case studies in psychotherapy--Acession number C19075; pages 12-32 aPSYCHOTHERAPY